| 000 | 01707cam a2200469 a 4500 | ||
|---|---|---|---|
| 001 | 21560 | ||
| 003 | VRT | ||
| 005 | 20260305084701.0 | ||
| 008 | 210906s2002 xo a jr 0000j slo | ||
| 015 | _aSNBA2003/06-01937 | ||
| 020 | _a808902811X | ||
| 035 | _aSNK000402034 | ||
| 035 | _aurn:nbn:sk:snk-am3itb7 | ||
| 035 | _aFC011AE5-C544-4991-AF65-F70FB3C4DC9E | ||
| 035 | _aurn:nbn:sk:snk-am00fh40 | ||
| 039 | 9 |
_a202210100827 _bmsnk115 _c202109061608 _dVLOAD _c202108271612 _dVLOAD _c202106231703 _dVLOAD |
|
| 040 |
_aSNK _bslo _cSNK _eAACR2 |
||
| 041 | 1 |
_aslo _hcze |
|
| 044 |
_axo _cSK |
||
| 072 | 7 |
_a821-93 _xLiteratúra pre deti a mládež _2konspekt |
|
| 072 | 7 |
_a821.162.3 _xČeská literatúra _2konspekt |
|
| 080 |
_a821.162.3-34 _22011 |
||
| 080 |
_a82-34:808.1 _22011 |
||
| 080 |
_a82-93-053.4/.5 _22011 |
||
| 100 | 1 |
_aSekora, Ondřej, _d1899-1967 _4aut _4ill |
|
| 245 | 1 | 0 |
_aFerdo v cudzích službách _cOndřej Sekora ; [z českého originálu preložila Hana Zelinová ; kresby autor] |
| 250 | _a1. vyd. | ||
| 260 |
_aBratislava _bBuvik _c2002 |
||
| 300 |
_a75 strán _bfarebné ilustrácie _c22 cm |
||
| 500 | _aFarebné ilustrácie na titulnej strane, frontispice a predsádkach ; preložené z češtiny | ||
| 500 | _aCelkovo 6. vyd. | ||
| 655 | 7 |
_ačeské rozprávky _2SNKPH |
|
| 655 | 7 |
_aautorské rozprávky _2SNKPH |
|
| 655 | 7 |
_aliteratúra pre deti _2SNKPH |
|
| 700 | 1 |
_aZelinová, Hana, _d1914-2004 _4trl |
|
| 910 | _asnk | ||
| 942 |
_2ddc _cKLDE _n0 |
||
| 949 |
_62889368932 _asavukPV 6329 |
||
| 949 |
_617A0369761 _asnkSC 110267 _bsnkKSP 92/2003 _s6100:20210304 |
||
| 949 |
_617A0369760 _asnkSC 110267 D1 _bsnkKSP 93/2003 |
||
| 949 |
_6273K0117198 _asvkpoB 70846 _bsvkpo455316 |
||
| 999 |
_c21560 _d21560 |
||